00329nam a2200133Ia 4500008004100000020002200041041001200063100001300075245004400088260002500132300000800157650001600165700001400181221220s9999 xx 000 0 und d a978-93-5350-029-0 aEnglish aS. Kumar 0aBusiness Ethicscby S. Kumar, A. K. Rai bCengageaIndiac2019 a367 aBE Computer aA. K. Rai